000 00553nam a2200229Ia 4500
003 OSt
005 20221005115456.0
006 a|||||r|||| 00| 0
007 ta
008 221004b |||||||| |||| 00| 0 tel d
024 _a39751
037 _cTextual
040 _aCRL
_cCRL
_btel
041 _2tel
_atel
082 _aX:3M24xM18, 35M4
100 _aEngels
245 0 _aChartraka bhartika vada
300 _a151p.
_ccm.
650 _aMARXISM
942 _hX:3M24xM18, 35M4
_cTEXL
_2cc
999 _c1034957
_d1034957